Președinții României - Statistics

General Stats
  • This quiz has been taken 9 times
  • The average score is 5 of 9
Answer Stats
Mandat Președinte % Correct
2025- Nicușor Dan
100%
1989-1996 Ion Illiescu
88%
2014-2025 Klaus Iohannis
75%
1974-1989 Nicolae Ceaușescu
75%
2004-2007 Traian Băsescu
63%
2025 Ilie Bolojan
38%
1996-2000 Emil Constantinescu
25%
2012 Crin Antonescu
0%
2007 Nicolae Văcăroiu
0%
No matching quizzes found
Score Distribution
Percent of People with Each Score
Percentile by Number Answered
Your Score History
You have not taken this quiz